What countries are islands? - Statistics

General Stats
  • This quiz has been taken 30 times
    14 since last reset
  • The average score is 7 of 8
Answers on the Grid
Answers color-coded by a green-red scale on the quiz's grid according to % correct below.
Kiribati
Tuvalu
Pala
Comoros
San Serriffe
Cyprus
São Tomé and Príncipe
Merck
Malta
San Escobar
Palau
Nambutu
Dominica
San Lorenzo
Val Verde
Costaguana
 
Answer Stats
Answer % Correct
Cyprus
100%
Malta
100%
Palau
100%
Dominica
91%
Kiribati
91%
São Tomé and Príncipe
91%
Tuvalu
91%
Comoros
82%
No matching quizzes found
Score Distribution
Percent of People with Each Score
Percentile by Number Answered
Your Score History
You have not taken this quiz since the last reset